|
|
|
|
| LEADER |
01967nam a2200505 a 4500 |
| 001 |
nkc20081833595 |
| 003 |
CZ PrNK |
| 005 |
20090327153128.0 |
| 007 |
ta |
| 008 |
081203s2008 xr a e p 000 0 cze |
| 015 |
|
|
|a cnb001833595
|
| 020 |
|
|
|a 978-80-245-1419-2
|q (brož.) :
|c Kč 201,00
|
| 035 |
|
|
|a (OCoLC)316677936
|
| 040 |
|
|
|a OLA001
|b cze
|d ABA001
|
| 072 |
|
7 |
|a 33
|x Ekonomie
|2 Konspekt
|9 4
|
| 072 |
|
7 |
|a 37.016
|x Učební osnovy. Vyučovací předměty. Učebnice
|2 Konspekt
|9 22
|
| 080 |
|
|
|a 334.012.33
|2 MRF
|
| 080 |
|
|
|a 336.1/.5
|2 MRF
|
| 080 |
|
|
|a 336.13
|2 MRF
|
| 080 |
|
|
|a (075.8)
|2 MRF
|
| 100 |
1 |
|
|a Vorlíček, Jan,
|d 1973-
|7 mzk2006323842
|4 aut
|
| 245 |
1 |
0 |
|a Úvod do ekonomie veřejného sektoru /
|c Jan Vorlíček
|
| 250 |
|
|
|a Vyd. 1.
|
| 260 |
|
|
|a Praha :
|b Oeconomica,
|c 2008
|
| 300 |
|
|
|a 384 s. :
|b il. ;
|c 21 cm
|
| 500 |
|
|
|a Nad názvem: Vysoká škola ekonomická v Praze, Národohospodářská fakulta
|
| 500 |
|
|
|a 500 výt.
|
| 504 |
|
|
|a Obsahuje bibliografii a bibliografické odkazy
|
| 521 |
8 |
|
|a Určeno pro bakalářské studium na VŠE Praha
|
| 550 |
|
|
|a Vydavatel: Vysoká škola ekonomická v Praze
|
| 650 |
0 |
7 |
|a veřejný sektor
|7 ph127090
|2 czenas
|
| 650 |
0 |
7 |
|a veřejné finance
|7 ph127079
|2 czenas
|
| 650 |
0 |
7 |
|a ekonomika veřejného sektoru
|7 ph136845
|2 czenas
|
| 650 |
0 |
9 |
|a public sector
|2 eczenas
|
| 650 |
0 |
9 |
|a public finance
|2 eczenas
|
| 650 |
0 |
9 |
|a public sector economics
|2 eczenas
|
| 655 |
|
7 |
|a učebnice vysokých škol
|7 fd133772
|2 czenas
|
| 655 |
|
9 |
|a textbooks (higher)
|2 eczenas
|
| 710 |
2 |
|
|a Vysoká škola ekonomická v Praze.
|b Národohospodářská fakulta
|7 kn20010709401
|
| 856 |
4 |
1 |
|u http://www.digitalniknihovna.cz/mzk/uuid/uuid:2cfc1ec0-9eb0-11e3-a744-005056827e52
|y Digitalizovaný dokument
|x NDK
|
| 910 |
2 |
|
|a BOA001
|b 2-1216.912
|
| 990 |
|
|
|a BK
|
| 995 |
|
|
|a 01
|
| 991 |
|
|
|b 200902
|c NOV
|
| 996 |
6 |
|
|b 2610367062
|c 2-1216.912
|l MZK
|r Sklad / do 1 hodiny
|n 12
|p p.v.
|w 000927515
|u 000010
|a 1
|e BOA001
|j MZK50
|s P
|